[Event "GER-chT Federal Cup (Women)"]
[Site "Braunfels"]
[Date "2006.05.04"]
[Round "1"]
[White "Zahn, Nicol"]
[Black "Dergileva, Larisa"]
[Result "1/2-1/2"]
[WhiteElo "2029"]
[BlackElo "2189"]
[PlyCount "70"]
[EventDate "2006.05.04"]
[EventType "team-swiss"]
[EventRounds "5"]
[EventCountry "GER"]
[SourceTitle "EXT 2010"]
[Source "ChessBase"]
[SourceDate "2010.11.25"]
[SourceVersion "1"]
[SourceVersionDate "2010.11.25"]
[SourceQuality "1"]

1. e4 e5 2. Nf3 Nc6 3. d4 exd4 4. Nxd4 Bb4+ 5. c3 Be7 6. Bf4 Nf6 7. Nf5 0-0 8. e5 Ne8 9. Bd3 d6 10. exd6 Bxf5 11. Bxf5 Bxd6 12. Be3 g6 13. Be4 Ng7 14. 0-0 Bxh2+ 15. Kxh2 Qh4+ 16. Kg1 Qxe4 17. Nd2 Qd5 18. Qc2 f5 19. Bh6 Ne5 20. a4 Ng4 21. Bxg7 Kxg7 22. Nf3 Rad8 23. Rad1 Qc6 24. c4 Qf6 25. c5 Rxd1 26. Rxd1 Rd8 27. Re1 Rd7 28. Rc1 c6 29. Re1 Re7 30. Rd1 Ne5 31. Nxe5 Qxe5 32. b3 Kf7 33. Qc4+ Qe6 34. Qc3 Qe5 35. Qc4+ Qe6 1/2-1/2

[Event "Walldorf (Women)"]
[Site "Walldorf"]
[Date "2006.04.??"]
[Round "9"]
[White "Dergileva, Larisa"]
[Black "Mader, Manuela"]
[Result "1/2-1/2"]
[WhiteElo "2189"]
[BlackElo "2067"]
[PlyCount "29"]
[EventDate "2006.04.13"]
[EventType "tourn"]
[EventRounds "9"]
[EventCountry "GER"]
[SourceTitle "CBM 111 Extra"]
[Source "ChessBase"]
[SourceDate "2006.05.09"]
[SourceVersion "1"]
[SourceVersionDate "2006.05.09"]
[SourceQuality "1"]

1. e4 c6 2. d4 d5 3. e5 Bf5 4. Nf3 e6 5. Be2 Nd7 6. 0-0 h6 7. Nbd2 Ne7 8. c3 Ng6 9. Nb3 h5 10. Bg5 f6 11. exf6 gxf6 12. Be3 h4 13. Bd3 Bxd3 14. Qxd3 Kf7 15. h3 1/2-1/2

[Event "Walldorf (Women)"]
[Site "Walldorf"]
[Date "2006.04.??"]
[Round "3"]
[White "Hoolt, Sarah"]
[Black "Dergileva, Larisa"]
[Result "0-1"]
[WhiteElo "2154"]
[BlackElo "2189"]
[PlyCount "50"]
[EventDate "2006.04.13"]
[EventType "tourn"]
[EventRounds "9"]
[EventCountry "GER"]
[SourceTitle "CBM 111 Extra"]
[Source "ChessBase"]
[SourceDate "2006.05.09"]
[SourceVersion "1"]
[SourceVersionDate "2006.05.09"]
[SourceQuality "1"]

1. e4 e5 2. Nc3 Nf6 3. Bc4 Nxe4 4. Qh5 Nd6 5. Bb3 Nc6 6. Nb5 g6 7. Qf3 f5 8. Qd5 Qe7 9. Nxc7+ Kd8 10. Nxa8 b6 11. h4 Bb7 12. d3 f4 13. Qf3 Bh6 14. Bd2 Nd4 15. Qg4 e4 16. 0-0-0 e3 17. Bc3 exf2 18. Nf3 Ne2+ 19. Kb1 Nxc3+ 20. bxc3 Nb5 21. Ng5 Nxc3+ 22. Ka1 Bxg5 23. hxg5 Nxd1 24. Qxf4 d6 25. Rxd1 Rf8 0-1

[Event "BL 0506 (Women)"]
[Site "Germany"]
[Date "2005.11.19"]
[Round "3"]
[White "Dergileva, Larisa"]
[Black "Goehler, Antje"]
[Result "0-1"]
[WhiteElo "2189"]
[BlackElo "2154"]
[PlyCount "78"]
[EventDate "2005.10.29"]
[EventType "team-tourn"]
[EventRounds "11"]
[EventCountry "GER"]
[SourceTitle "CBM 109 Extra"]
[Source "ChessBase"]
[SourceDate "2006.01.03"]
[SourceVersion "2"]
[SourceVersionDate "2006.01.03"]
[SourceQuality "1"]

1. e4 c5 2. Nc3 Nc6 3. g3 e6 4. Bg2 d6 5. d3 Nf6 6. f4 Be7 7. Nf3 0-0 8. 0-0 a6 9. h3 Qc7 10. g4 b5 11. f5 b4 12. Ne2 d5 13. g5 Nh5 14. f6 gxf6 15. Qe1 dxe4 16. dxe4 fxg5 17. Nxg5 Qe5 18. Qh4 h6 19. Qxh5 Bxg5 20. Qg4 Kh7 21. Bxg5 Qxg5 22. Qxg5 hxg5 23. e5 Bb7 24. Rad1 Rad8 25. Bxc6 Bxc6 26. Rxd8 Rxd8 27. Rxf7+ Kg8 28. Rc7 Bb5 29. Ng3 Rd1+ 30. Kf2 Rd2+ 31. Kf3 Rxc2 32. Ne4 Rxb2 33. Nxc5 Bc4 34. Kg4 Rf2 35. Kxg5 Rf7 36. Rc8+ Rf8 37. Rc7 Rf7 38. Rc8+ Kg7 39. Ne4 Rf5+ 0-1

[Event "GER-chT2 (Women) 0405"]
[Site "Germany"]
[Date "2004.12.04"]
[Round "3"]
[White "Dergileva, Larisa"]
[Black "Vogel, Heike"]
[Result "1-0"]
[WhiteElo "2184"]
[BlackElo "2137"]
[PlyCount "41"]
[EventDate "2004.11.06"]
[EventType "team"]
[EventRounds "9"]
[EventCountry "GER"]
[SourceTitle "EXT 2006"]
[Source "ChessBase"]
[SourceDate "2005.11.24"]
[SourceVersion "1"]
[SourceVersionDate "2005.11.24"]
[SourceQuality "1"]

1. e4 c6 2. d4 d5 3. Nc3 dxe4 4. Nxe4 Nf6 5. Nxf6+ gxf6 6. Bc4 Bf5 7. Nf3 e6 8. 0-0 Bd6 9. Nh4 Be4 10. Qh5 Bd5 11. Bxd5 cxd5 12. Re1 Qd7 13. Nf5 Bf8 14. Bh6 Rg8 15. Bxf8 Rg5 16. Qxh7 Kxf8 17. Qh8+ Rg8 18. Qh6+ Ke8 19. Qxf6 Kf8 20. Rxe6 Qxe6 21. Qd8+ 1-0

[Event "Baden VLN 0304"]
[Site "Baden"]
[Date "2003.12.07"]
[Round "3.1"]
[White "Dergileva, Larisa"]
[Black "Roeschlein, Stefan"]
[Result "1/2-1/2"]
[WhiteElo "2194"]
[BlackElo "2147"]
[PlyCount "25"]
[EventDate "2003.10.12"]
[EventType "team-tourn"]
[EventRounds "9"]
[EventCountry "GER"]
[SourceTitle "EXT 2022"]
[Source "ChessBase"]
[SourceDate "2021.10.06"]
[SourceVersion "1"]
[SourceVersionDate "2021.10.06"]
[SourceQuality "1"]
[WhiteTeam "Walldorf"]
[BlackTeam "Sandhausen"]
[WhiteTeamCountry "GER"]
[BlackTeamCountry "GER"]

1. e4 c5 2. Nc3 Nc6 3. g3 g6 4. Bg2 Bg7 5. d3 d6 6. f4 e6 7. Nf3 Nge7 8. 0-0 0-0 9. Be3 Nd4 10. Rb1 Rb8 11. Ne2 b5 12. c3 Nxe2+ 13. Qxe2 1/2-1/2

[Event "Bayern-chI Bank Hofmann 6th"]
[Site "Bad Wiessee"]
[Date "2002.10.30"]
[Round "5"]
[White "Dergileva, Larisa"]
[Black "Xander, Karl"]
[Result "1-0"]
[WhiteElo "2191"]
[BlackElo "1941"]
[PlyCount "83"]
[EventDate "2002.10.26"]
[EventType "swiss"]
[EventRounds "9"]
[EventCountry "GER"]
[SourceTitle "EXT 2003"]
[Source "ChessBase"]
[SourceDate "2002.11.25"]
[SourceVersion "1"]
[SourceVersionDate "2002.11.25"]
[SourceQuality "1"]

1. e4 c5 2. f4 Nc6 3. Nf3 e6 4. Bb5 a6 5. Bxc6 bxc6 6. d3 d5 7. 0-0 Ne7 8. c4 g6 9. Nc3 Bg7 10. Ne5 0-0 11. Kh1 Rb8 12. b3 Qc7 13. Na4 Rd8 14. Qe2 f6 15. Nf3 Bd7 16. Nxc5 Qa5 17. b4 Rxb4 18. Nxd7 Rxd7 19. Bd2 Rb2 20. Bxa5 Rxe2 21. Nd4 Re3 22. Nxe6 dxe4 23. Nc5 Rd4 24. Bd2 Re2 25. Bc3 Rd8 26. dxe4 Rc2 27. Rfc1 Rxc1+ 28. Rxc1 Kf7 29. Rb1 a5 30. Nb7 Rd3 31. Bxa5 f5 32. e5 g5 33. g3 gxf4 34. gxf4 Rd4 35. e6+ Kg8 36. Nc5 Rxc4 37. Rb8+ Bf8 38. Nd7 Ng6 39. Nxf8 Nxf4 40. Ng6+ Kg7 41. Nxf4 Rxf4 42. e7 1-0

[Event "Baden VLN 0203"]
[Site "Baden"]
[Date "2002.10.13"]
[Round "1.1"]
[White "Mueller, Matthias Michael"]
[Black "Dergileva, Larisa"]
[Result "1-0"]
[WhiteElo "2307"]
[BlackElo "2188"]
[PlyCount "81"]
[EventDate "2002.10.13"]
[EventType "team-tourn"]
[EventRounds "9"]
[EventCountry "GER"]
[SourceTitle "EXT 2022"]
[Source "ChessBase"]
[SourceDate "2021.10.06"]
[SourceVersion "1"]
[SourceVersionDate "2021.10.06"]
[SourceQuality "1"]
[WhiteTeam "Mosbach"]
[BlackTeam "Walldorf"]
[WhiteTeamCountry "GER"]
[BlackTeamCountry "GER"]

1. e4 e5 2. Bc4 Bc5 3. Nc3 Nc6 4. Qg4 d6 5. Qxg7 Qf6 6. Qxf6 Nxf6 7. Nge2 Rg8 8. 0-0 Nb4 9. Bb3 Bg4 10. d3 h5 11. Be3 h4 12. Bxc5 dxc5 13. f3 Bh3 14. Rf2 Nh5 15. a3 Nc6 16. Kh1 Bd7 17. f4 Rg7 18. Ba4 0-0-0 19. Bxc6 Bxc6 20. fxe5 Rh8 21. Kg1 Bd7 22. Nd5 Re8 23. Raf1 Bg4 24. Nf6 Rxe5 25. Nxg4 Rxg4 26. Rf5 f6 27. Rxe5 fxe5 28. Rf5 Nf4 29. Nxf4 exf4 30. h3 Rg7 31. Rxf4 Rh7 32. Kf2 Kd7 33. Kf3 Ke6 34. c3 b6 35. d4 cxd4 36. cxd4 c5 37. d5+ Ke5 38. Ke3 Kd6 39. Rf6+ Ke7 40. Rg6 Rf7 41. e5 1-0

[Event "Baden VLN 0102"]
[Site "Germany"]
[Date "2002.02.17"]
[Round "7.1"]
[White "Dergileva, Larisa"]
[Black "Egartner, Wolfgang"]
[Result "1-0"]
[WhiteElo "2181"]
[BlackElo "2165"]
[PlyCount "107"]
[EventDate "2001.09.30"]
[EventType "team"]
[EventRounds "9"]
[EventCountry "GER"]
[SourceTitle "EXT 2003"]
[Source "ChessBase"]
[SourceDate "2002.11.25"]
[SourceVersion "1"]
[SourceVersionDate "2002.11.25"]
[SourceQuality "1"]
[WhiteTeam "Walldorf"]
[BlackTeam "Neckargemuend"]
[WhiteTeamCountry "GER"]
[BlackTeamCountry "GER"]

1. e4 c5 2. Nc3 Nc6 3. g3 g6 4. Bg2 Bg7 5. d3 d6 6. f4 e6 7. Nf3 Nge7 8. 0-0 0-0 9. Ne2 d5 10. c3 b6 11. Qa4 dxe4 12. dxe4 Qd3 13. Kf2 Ba6 14. Nfg1 Bb5 15. Qd1 Rad8 16. Qxd3 Rxd3 17. e5 Rfd8 18. Be4 R3d7 19. Nf3 Bd3 20. Ng5 c4 21. Bg2 Nd5 22. Re1 Bf8 23. Bxd5 Rxd5 24. b4 cxb3 25. axb3 Bc5+ 26. Be3 Bxe3+ 27. Kxe3 Bxe2 28. Kxe2 Rd2+ 29. Kf3 R8d3+ 30. Re3 Rxe3+ 31. Kxe3 Rxh2 32. Rd1 Rc2 33. Ne4 Kg7 34. Rd7 h6 35. Rc7 Nb4 36. Rxa7 Nd5+ 37. Kd3 Rb2 38. b4 Rg2 39. Kd4 Rg1 40. Kc4 Rg2 41. Kb5 Re2 42. Nd6 Nxc3+ 43. Kc6 Nd5 44. Rxf7+ Kg8 45. Kd7 Nxb4 46. Kxe6 Re3 47. Ne8 Nd5 48. Rg7+ Kf8 49. Rxg6 Ne7 50. Rxh6 Rxg3 51. Nf6 Ng6 52. Nh5 Rh3 53. Rxg6 Rxh5 54. f5 1-0

[Event "Baden VLN 0102"]
[Site "Germany"]
[Date "2002.01.13"]
[Round "5.1"]
[White "Mueller, Matthias Michael"]
[Black "Dergileva, Larisa"]
[Result "1-0"]
[WhiteElo "2290"]
[BlackElo "2181"]
[PlyCount "69"]
[EventDate "2001.09.30"]
[EventType "team"]
[EventRounds "9"]
[EventCountry "GER"]
[SourceTitle "EXT 2003"]
[Source "ChessBase"]
[SourceDate "2002.11.25"]
[SourceVersion "1"]
[SourceVersionDate "2002.11.25"]
[SourceQuality "1"]
[WhiteTeam "Mosbach"]
[BlackTeam "Walldorf"]
[WhiteTeamCountry "GER"]
[BlackTeamCountry "GER"]

1. e4 e5 2. Bc4 Nf6 3. d3 Bb4+ 4. c3 Be7 5. f4 exf4 6. Bxf4 d5 7. exd5 0-0 8. Nf3 Nxd5 9. Bd2 Bh4+ 10. Nxh4 Qxh4+ 11. g3 Re8+ 12. Kf2 Qf6+ 13. Qf3 Qb6+ 14. d4 Nf6 15. b3 Bg4 16. Qg2 Ne4+ 17. Kg1 Qf6 18. Bf4 Nc6 19. h3 Bh5 20. Kh2 g5 21. Re1 Nd6 22. Rxe8+ Rxe8 23. Bxd6 Re1 24. Bxc7 Bg6 25. Qd2 Rd1 26. Qe2 Bxb1 27. Bd5 Rf1 28. Bg2 Rc1 29. Qb2 Rc2 30. Qxb1 Qf2 31. Qf1 Qd2 32. Re1 Qxc3 33. Re8+ Kg7 34. d5 Rc1 35. Qf5 1-0

[Event "Verbandsliga Nord Baden 0001"]
[Site "Germany"]
[Date "2000.10.22"]
[Round "2.1"]
[White "Wuehl, Martin"]
[Black "Dergileva, Larisa"]
[Result "1-0"]
[WhiteElo "2120"]
[BlackElo "2138"]
[PlyCount "91"]
[EventDate "2000.10.??"]
[EventType "team"]
[EventRounds "9"]
[EventCountry "GER"]
[SourceTitle "EXT 2004"]
[Source "ChessBase"]
[SourceDate "2003.11.25"]
[SourceVersion "1"]
[SourceVersionDate "2003.11.25"]
[SourceQuality "1"]
[WhiteTeam "Hockenheim"]
[BlackTeam "Walldorf"]
[WhiteTeamCountry "GER"]
[BlackTeamCountry "GER"]

1. e4 e5 2. Nc3 Nf6 3. Nf3 Nc6 4. d4 exd4 5. Nxd4 Bb4 6. Nxc6 bxc6 7. Bd3 d5 8. exd5 cxd5 9. Qe2+ Qe7 10. Qxe7+ Kxe7 11. Bd2 c6 12. a3 Bd6 13. f3 Bd7 14. 0-0 Rhb8 15. b3 h6 16. Rfe1+ Kf8 17. Ne2 Bc5+ 18. Kf1 a5 19. Bf4 Re8 20. Bd2 Bd6 21. Bc3 c5 22. Bxf6 gxf6 23. Nc3 Be5 24. Nxd5 Bxa1 25. Rxa1 Reb8 26. Nxf6 Be6 27. Ne4 c4 28. bxc4 Rc8 29. Nd2 Rab8 30. Kf2 Rb2 31. Ke3 Rd8 32. Nb3 a4 33. Nd4 Rc8 34. Nxe6+ fxe6 35. Kd4 Ke7 36. Kc3 Rb6 37. Re1 Kf6 38. Re4 h5 39. Rf4+ Kg5 40. Rf7 Ra8 41. g3 h4 42. h3 Rh8 43. f4+ Kh6 44. g4 e5 45. g5+ Kh5 46. Rg7 1-0

[Event "GER-ch op (Women)"]
[Site "Rodewisch"]
[Date "2000.08.04"]
[Round "7"]
[White "Dergileva, Larisa"]
[Black "Straub, Natalia"]
[Result "1/2-1/2"]
[WhiteElo "2150"]
[BlackElo "2320"]
[PlyCount "40"]
[EventDate "2000.07.29"]
[EventType "swiss"]
[EventRounds "9"]
[EventCountry "GER"]
[SourceTitle "CBM 077 Extra"]
[Source "ChessBase"]
[SourceDate "2000.09.14"]
[SourceVersion "1"]
[SourceVersionDate "2000.09.14"]
[SourceQuality "1"]

1. e4 c5 2. Nc3 e6 3. g3 d5 4. d3 dxe4 5. dxe4 Qxd1+ 6. Nxd1 Bd7 7. Bd2 Bc6 8. Nc3 a6 9. a4 b6 10. Bf4 Nd7 11. Nf3 Ngf6 12. Ne5 Nxe5 13. Bxe5 Nd7 14. Bf4 Be7 15. f3 g5 16. Bd2 Bb7 17. Be2 0-0-0 18. 0-0-0 Ne5 19. f4 gxf4 20. gxf4 Nc6 1/2-1/2

[Event "GER-ch op (Women)"]
[Site "Rodewisch"]
[Date "2000.08.02"]
[Round "5"]
[White "Kopylov, Luba"]
[Black "Dergileva, Larisa"]
[Result "1/2-1/2"]
[WhiteElo "1683"]
[BlackElo "2150"]
[PlyCount "37"]
[EventDate "2000.07.29"]
[EventType "swiss"]
[EventRounds "9"]
[EventCountry "GER"]
[SourceTitle "CBM 077 Extra"]
[Source "ChessBase"]
[SourceDate "2000.09.14"]
[SourceVersion "1"]
[SourceVersionDate "2000.09.14"]
[SourceQuality "1"]

1. d4 d5 2. Nf3 Nf6 3. g3 e6 4. Bg2 Be7 5. c4 0-0 6. 0-0 dxc4 7. Qc2 a6 8. a4 b6 9. Bg5 Bb7 10. Qxc4 Nbd7 11. Nc3 Nd5 12. Bxe7 Qxe7 13. Nxd5 Bxd5 14. Qxc7 Rac8 15. Qf4 Qb4 16. Ne5 Nxe5 17. Qxe5 Bxg2 18. Kxg2 Rc2 19. b3 1/2-1/2

[Event "GER-ch op (Women)"]
[Site "Rodewisch"]
[Date "2000.08.01"]
[Round "4"]
[White "Dergileva, Larisa"]
[Black "Gaponenko, Inna"]
[Result "1/2-1/2"]
[WhiteElo "2150"]
[BlackElo "2375"]
[PlyCount "22"]
[EventDate "2000.07.29"]
[EventType "swiss"]
[EventRounds "9"]
[EventCountry "GER"]
[SourceTitle "CBM 077 Extra"]
[Source "ChessBase"]
[SourceDate "2000.09.14"]
[SourceVersion "1"]
[SourceVersionDate "2000.09.14"]
[SourceQuality "1"]

1. e4 c5 2. f4 Nc6 3. Nf3 g6 4. Bb5 Nd4 5. Nxd4 cxd4 6. c4 e5 7. 0-0 exf4 8. Rxf4 Bd6 9. Rf1 Qh4 10. g3 Bxg3 11. hxg3 Qxg3+ 1/2-1/2

[Event "GER-ch op (Women)"]
[Site "Rodewisch"]
[Date "2000.07.29"]
[Round "1"]
[White "Hafenstein, Andrea"]
[Black "Dergileva, Larisa"]
[Result "0-1"]
[WhiteElo "2075"]
[BlackElo "2150"]
[PlyCount "56"]
[EventDate "2000.07.29"]
[EventType "swiss"]
[EventRounds "9"]
[EventCountry "GER"]
[SourceTitle "CBM 077 Extra"]
[Source "ChessBase"]
[SourceDate "2000.09.14"]
[SourceVersion "1"]
[SourceVersionDate "2000.09.14"]
[SourceQuality "1"]

1. e4 e5 2. Bc4 Bc5 3. Nc3 Nf6 4. Nf3 Nc6 5. 0-0 d6 6. a3 Bg4 7. Bb5 0-0 8. Bxc6 bxc6 9. d3 h6 10. h3 Bh5 11. Be3 Bb6 12. Bxb6 cxb6 13. g4 Nxg4 14. hxg4 Bxg4 15. Kg2 f5 16. Qd2 fxe4 17. Nh2 Qh4 18. Nxg4 Qxg4+ 19. Kh2 Rf3 20. Qe3 Qh3+ 21. Kg1 Rxe3 22. fxe3 Qxe3+ 23. Kg2 exd3 24. cxd3 Qxd3 25. Rf3 Qc2+ 26. Kh3 Rf8 27. Rg3 Rf2 28. Rh1 Qf5+ 0-1

[Event "DDMM (Women)"]
[Site "Weilburg"]
[Date "1999.??.??"]
[Round "4.4"]
[White "Dergileva, Larisa"]
[Black "Fischer, Anke"]
[Result "1/2-1/2"]
[WhiteElo "2200"]
[BlackElo "1830"]
[PlyCount "127"]
[EventDate "1999.??.??"]
[EventType "team"]
[EventRounds "5"]
[EventCountry "GER"]
[SourceTitle "EXT 2000"]
[Source "ChessBase"]
[SourceDate "1999.11.16"]
[SourceVersion "1"]
[SourceVersionDate "1999.11.16"]
[SourceQuality "1"]

1. e4 c5 2. Nc3 e6 3. g3 Nc6 4. Bg2 Nf6 5. d3 Be7 6. f4 d6 7. Nf3 a6 8. 0-0 Qc7 9. h3 b5 10. g4 Bb7 11. Be3 d5 12. e5 d4 13. exf6 Bxf6 14. g5 Be7 15. Bd2 dxc3 16. bxc3 0-0 17. Qe2 Bd6 18. Nh4 Ne7 19. Bxb7 Qxb7 20. Qg4 Qd5 21. Qf3 Qxf3 22. Rxf3 Nd5 23. Re1 Bc7 24. f5 Rfe8 25. c4 bxc4 26. dxc4 Nb4 27. Bxb4 cxb4 28. fxe6 Rxe6 29. Rxe6 fxe6 30. g6 Bd8 31. gxh7+ Kxh7 32. Ng2 Bf6 33. a3 a5 34. axb4 axb4 35. Rb3 Bc3 36. Kf2 Rc8 37. Ne3 Kg6 38. Ke2 Kh5 39. Nd1 Rxc4 40. Nxc3 Rxc3 41. Rxb4 Rxc2+ 42. Kf3 Rc3+ 43. Kg2 Kg5 44. Rb7 Kf6 45. Rb8 Rc7 46. Rb5 e5 47. Kf3 Kf5 48. Rb3 g5 49. Rb8 e4+ 50. Kg3 Rc3+ 51. Kg2 Rc6 52. Kg3 Re6 53. Rf8+ Kg6 54. Rg8+ Kf6 55. Rf8+ Kg6 56. Rg8+ Kf6 57. Kf2 e3+ 58. Ke2 Kf5 59. Rf8+ Ke4 60. Rf3 Kd4 61. Rg3 Re5 62. Rg4+ Kd5 63. h4 gxh4 64. Rxh4 1/2-1/2